Statistiques concernant On n'demande qu'à en rire

Cliquez ici pour prendre le quiz!

Statistiques générales

  • Ce quiz a été pris 33 fois
  • Le résultat moyen est 11 sur 37

Statistiques - réponses

Réponse% Correct
Kev Adams
100%
Artus
80%
Jeremy Ferrari
80%
Ahmed sylla
60%
Florent Peyre
60%
Olivier de Benoist
53%
Nicole Ferroni
50%
Waly Dia
47%
Garnier et Santou
43%
Les Décaféinés
43%
Babass
40%
Les Lascars Gays
40%
Kevin Razy
37%
Constance
30%
Donel Jack's man
30%
Fary
30%
Monsieur Fraize
30%
Lamine lezghad
23%
Arnaud Cosson
20%
Ben
20%
Antonia
17%
Aymeric Lompret
17%
Les Kicékafessa
17%
Sacha Judaszko
17%
Shirley Souagnon
17%
Steeven et Christopher
17%
Anthony Joubert
13%
Cyril Etesse
10%
Zidani
10%
Paco
7%
Julie Villers
3%
Mathieu Penchinat
3%
Alain Doucet
0%
Alexandre Maublanc
0%
Nidhal
0%
Pierre Diot
0%
Thierry Marquet
0%

Distribution des résultats

Percentile par nombre de réponses

% des personnes avec chaque résultat

Votre développement - résultats

Vous n’avez pas pris ce quiz